00226pab a2200085 454500008003600000100002200036245003400058650002600092773002200118180718b xxu||||| |||| 00| 0 eng d aGopalaswami, T.V. aReturns from state enterprise aGovernment Enterprise aFinancial Express